| 000 | 00931cam a2200277 a 4500 | ||
|---|---|---|---|
| 001 | 000005639 | ||
| 005 | 20260120073949.0 | ||
| 008 | 810318s1947 sp 001 f spa d | ||
| 040 |
_aDO-SdBNP _bspa _cBNPHU |
||
| 082 |
_a863.3 _bT316mo, 1947 |
||
| 100 | 1 |
_aTeresa deJesús, _cSanta, _d1515-1582 _915935 |
|
| 245 | 1 | 4 |
_aLas moradas / _cSanta Teresa ; edición y notas de Tomás Navarro Tomás. |
| 250 | _a5a ed. | ||
| 260 |
_aMadrid : _bEspasa-Calpe, _c1947. |
||
| 300 |
_axviii, 265 p. ; _c19 cm. |
||
| 490 | 1 |
_aClásicos castellanos _v1 |
|
| 650 | 4 |
_aNovela española _91123 |
|
| 650 | 4 |
_aLiteratura española _9632 |
|
| 650 | 4 |
_aVida religiosa _915864 |
|
| 650 | 0 |
_aVida espiritual _9268 |
|
| 650 | 4 |
_aLiteratura católica _97418 |
|
| 650 | 0 |
_aVida cristiana _9668 |
|
| 650 | 4 |
_aLiteratura española _ySIGLO XVI _98688 |
|
| 700 | 1 |
_aNavarro Tomás, Tomás, _d1884-1979, _eed. _915936 |
|
| 830 | 0 |
_aClásicos castellanos ; _v1 _94180 |
|
| 999 |
_c5438 _d5438 |
||